Terraria - Lifeform Analyzer Detected Creatures - Statistics

General Stats
  • This quiz has been taken 26 times
  • The average score is 35 of 71
Answer Stats
Enemies % Correct
Goblin Tinkerer
84%
Nymph
84%
Wizard
84%
Gold Bunny
79%
Gold Worm
74%
Mechanic
74%
Tim
74%
Corrupt Mimic
68%
Gold Bird
68%
Hallowed Mimic
68%
Mimic
68%
Moth
68%
Pinky
68%
Rune Wizard
68%
Angler
63%
Gold Squirrel
63%
Skeleton Merchant
63%
Stylist
63%
Tavernkeep
63%
Tortured Soul
63%
Truffle Worm
63%
Crimson Mimic
58%
Golfer
58%
Mothron
58%
Dungeon Slime
53%
Eyezor
53%
Gold Butterfly
53%
Gold Goldfish
53%
Jungle Mimic
53%
Paladin
53%
Goblin Scout
47%
Goblin Summoner
47%
Gold Grasshopper
47%
Prismatic Lacewing
47%
Rainbow Slime
47%
Skeleton Sniper
47%
Squid
47%
The Bride
47%
The Groom
47%
Blood Eel
42%
Bone Lee
42%
Clown
42%
Doctor Bones
42%
Dreadnautilus
42%
Ice Golem
42%
Martian Probe
42%
Pirate Captain
42%
Sand Elemental
42%
Skeleton Commando
42%
Blue Fairy
37%
Gold Frog
37%
Gold Mouse
37%
Green Fairy
37%
Hemogoblin Shark
37%
Ice Mimic
37%
Pink Fairy
37%
Sea Snail
37%
Tactical Skeleton
37%
Undead Miner
37%
Wandering Eye Fish
37%
Zombie Merman
37%
Gnome
32%
Gold Dragonfly
32%
Gold Ladybug
32%
Gold Water Strider
32%
Golden Slime
26%
Medusa
21%
Gold Seahorse
16%
Cochineal Beatle
5%
Cyan Beatle
5%
Lac Beatle
5%
No matching quizzes found
Score Distribution
Percent of People with Each Score
Percentile by Number Answered
Your Score History
You have not taken this quiz